|
|
|
|
| LEADER |
01044nam a2200277 a 4500 |
| 001 |
900321 |
| 008 |
091108s1997 ilua b 001 0 eng d |
| 010 |
|
|
|a 81080135
|
| 020 |
|
|
|a 8185386714
|
| 020 |
|
|
|a 0256024928
|
| 040 |
|
|
|a DLC
|c DLC
|d DLC
|
| 082 |
0 |
0 |
|a 336.7
|2 19
|
| 100 |
1 |
|
|a Due, John Fitzgerald.
|
| 245 |
1 |
0 |
|a Government finance :
|b economics of the public sector /
|c John F. Due, Ann F. Friedlaender.
|
| 260 |
|
|
|a Homewood, Ill. :
|b R.D. Irwin, ;
|a New Delhi :
|b AITBS,
|c 1997.
|
| 300 |
|
|
|a xIi, 565 p. :
|b ill. ;
|c 24 cm.
|
| 490 |
0 |
|
|a Irwin publications in economics
|
| 504 |
|
|
|a Includes bibliographies and index.
|
| 541 |
1 |
|
|e 00011084
|
| 650 |
|
0 |
|a Finance, Public.
|
| 650 |
|
0 |
|a Finance, Public
|z United States.
|
| 650 |
|
0 |
|a Finance, Public
|z Canada.
|
| 700 |
1 |
|
|a Friedlaender, Ann Fetter.
|
| 852 |
4 |
|
|a Ayesha Abed Library
|j General Shelf
|
| 999 |
|
|
|c 5696
|d 5696
|
| 952 |
|
|
|0 0
|1 0
|2 ddc
|4 0
|6 336_700000000000000_DUE_1997
|7 0
|9 5626
|a BRACUL
|b BRACUL
|c GEN
|d 2009-11-21
|g 253.00
|l 0
|o 336.7 DUE
|p 3010011084
|r 2009-11-21
|t 1
|v 506.00
|w 2009-11-21
|y BK
|